| 000 -CABECERA |
| campo de control de longitud fija |
01631nam a2200217 4500 |
| 005 - FECHA Y HORA DE LA ÚLTIMA TRANSACCIÓN |
| campo de control |
20210212113048.0 |
| 008 - DATOS DE LONGITUD FIJA--INFORMACIÓN GENERAL |
| campo de control de longitud fija |
210212s1984 fr |||fr|||| 101 0 fre d |
| 040 ## - FUENTE DE LA CATALOGACIÓN |
| Centro catalogador/agencia de origen |
CENDOC CAAAP |
| Lengua de catalogación |
spa |
| Centro/agencia transcriptor |
CAAAP |
| 041 ## - CÓDIGO DE LENGUA |
| Código de lengua del texto/banda sonora o título independiente |
fre |
| 050 ## - SIGNATURA TOPOGRÁFICA DE LA BIBLIOTECA DEL CONGRESO |
| Número de clasificación |
C HV 707 |
| Número de documento/Ítem |
.C72 |
| 111 1# - ENTRADA PRINCIPAL--NOMBRE DE CONGRESO/REUNIÓN |
| 9 (RLIN) |
852 |
| Nombre de congreso/reunión o jurisdicción como elemento de entrada |
Colloque Association Francaise pour ´etude et la recherche sur les pays andins. A.F.E.R.P.A. |
| Sede del congreso/Lugar de la reunión |
Bordeaux |
| Fecha del congreso/reunión |
21,22 Y23 JUNIO 1984 |
| 245 12 - MENCIÓN DE TÍTULO |
| Título |
L´enfant et l´adolescent dans les pays andins |
| 260 ## - PUBLICACIÓN, DISTRIBUCIÓN, ETC. |
| Lugar de publicación, distribución, etc. |
Bordeaux : |
| Nombre del editor, distribuidor, etc. |
Université des Langues et Lettres de Grenoble : |
| -- |
Centre d´Etudes et de Recherches sur le Perou et les Pays Andins , |
| Fecha de publicación, distribución, etc. |
1984 |
| 300 ## - DESCRIPCIÓN FÍSICA |
| Extensión |
243 p., |
| Dimensiones |
18 cm |
| 505 ## - NOTA DE CONTENIDO CON FORMATO |
| Nota de contenido con formato |
Contiene: Avant-propos -- Liste des participants au Colloque -- Jeanine BRISSEAU-LOAIZA: L´espace vécu de l´adolescent liménien dans "La ciudad y los perros" de Mario Vargas Llosa -- Christian GIUDICELLI :Vargas Llorsa et la vision de l´adolescent -- GabrielJUDDE : el niño y el adolescente en el cuento ecuatoriano contemporáneo -- Augusto ESCOBAR-MESA :El gamín y la generación del desarraigo: signos de la otra cultura colombiana -- Eve-Marie FELL :Les "Núcleos Escolares Campesinos": un échec révelateur -- Dorita NOUHAUD : Padre Nuestro, si estás en los cielos Nadine LY : Le "territoire" de l´efant dans loeuvre en vers de César Vallejo -- Jean-Pierre CLEMENT :Les enfanrs exposés ade Lima á la fin du XVIIIéme sciécle --Roland FORGUES y Gregorio MARTÍNEZ : Los niños fantasmas de Lima |
| 600 10 - PUNTO DE ACCESO ADICIONAL DE MATERIA--NOMBRE DE PERSONA |
| 9 (RLIN) |
853 |
| Nombre de persona |
Vargas Llosa, Mario |
| 600 10 - PUNTO DE ACCESO ADICIONAL DE MATERIA--NOMBRE DE PERSONA |
| 9 (RLIN) |
729 |
| Nombre de persona |
Vallejo, Cesar |
| 650 10 - PUNTO DE ACCESO ADICIONAL DE MATERIA--TÉRMINO DE MATERIA |
| 9 (RLIN) |
372 |
| Término de materia o nombre geográfico como elemento de entrada |
Literatura |
| 650 20 - PUNTO DE ACCESO ADICIONAL DE MATERIA--TÉRMINO DE MATERIA |
| 9 (RLIN) |
560 |
| Término de materia o nombre geográfico como elemento de entrada |
Adolescentes |
| 942 ## - ELEMENTOS PERSONALIZADOS KOHA |
| Fuente del sistema de clasificación o colocación |
|
| Fecha de catalogación |
12 - 02- 21 |
| Tipo de ítem Koha |
Libros |